000 01416nam a2200409 i 4500
001 25192
003 KOSZ 005
005 20201016135107.0
008 970510s1994 pl a f f |000 0 pol
015 _aPB 1995/2758
020 _a8390170116
040 _aWA N
_cWA N
_dKOSZ 005/HR
046 _k1994
080 _a697
080 _a621.6
245 0 0 _aEnergooszczędne układy zaopatrzenia budynków w ciepło :
_bbudowa i eksploatacja : praca zbiorowa /
_cpod red. Edwarda Szczechowiaka ; [aut. Ryszard Bauza et. al.].
250 _a[Wyd. 2, popr.].
260 _aPoznań :
_b"Envirotech" Poznańskie Przedsiębiorstwo Wielobranżowe,
_c1994.
300 _a372 s. :
_bfot., rys., wykr. ;
_c25 cm.
336 _2rdacontent
_aTekst
_btxt
337 _2rdamedia
_aBez urządzenia pośredniczącego
_bn
338 _2rdacarrier
_aWolumin
_bnc
380 _aKsiążki
380 _aPublikacje fachgowe
388 _a1901-2000
388 _a1989-2000
504 _aBibliogr. przy rozdz.
650 4 _aOgrzewanie centralne
650 4 _aWoda ogrzewana
650 4 _aUrządzenia
650 4 _aInstalacje
658 _aArchitektura i budownictwo
700 1 _aSzczechowiak, Edward
_eRedakcja
700 1 _aBauza, Ryszard
_eAutor
856 _uhttp://koha.tu.koszalin.pl/cgi-bin/koha/opac-detail.pl?biblionumber=25192
_yKatalog online BPK
942 _2UKD
_cKS
999 _c25192
_d25192